| 000 | 00565nam a2200169 a 4500 | ||
|---|---|---|---|
| 005 | 20140310183254.0 | ||
| 008 | 041027s19uu xx 00 eng d | ||
| 050 |
_aHV 41 _b.Ev92 2003 |
||
| 245 |
_aEvaluating social programs and problems : _bvisions for the new millenium./ |
||
| 260 |
_aUSA : _bLawrence Erlbaum Associates, Inc., _cc2003. |
||
| 300 |
_a219 p. : _c23 cm. |
||
| 521 | _aBSBA | ||
| 650 |
_aSocial service _xEvaluation _xCongresses. |
||
| 650 |
_aEvaluation research (Social action programs ) _xCongresses. |
||
| 942 |
_cBK _2lcc _kFOR |
||
| 999 |
_c20824 _d20824 |
||